| 000 | 00496nam a2200169 a 4500 | ||
|---|---|---|---|
| 005 | 20140412111322.0 | ||
| 008 | 001220s19uu xx 00 eng d | ||
| 020 | _a0-434-97816-7 | ||
| 050 |
_aER _bFi44 1993 |
||
| 100 | _aLloyd, Helen | ||
| 245 |
_aFireman Sam / _cStories by Helen Lloyd ; illustrations by The County Studio. |
||
| 260 |
_aLondon : _bHeinemann, _c1993. |
||
| 300 | _a1 v. (unp.) ; ill. | ||
| 650 | _aFireman - Fiction | ||
| 650 | _aTransportation - Fiction | ||
| 999 |
_c104431 _d104431 |
||